000 00677nam a2200169 i 4500
001 69701
003 ES-MaACL
007 t|
008 040709s1980 sp ||||1| spa d
100 1 _aGarcía García, Moisés.
_954668
245 1 0 _aContabilidad social
_b: del sistema de la circulación económica a los modelos de cuentas nacionales /
_cMoisés García García ; [prólogo: Leandro Cañibano Calvo].
260 _a[Madrid :
_bInstituto de Planificación Contable,
_c1980]
300 _aXX, 710 p. :
_bgráf., il. ;
_c24 cm.
700 1 _aCañibano Calvo, Leandro.
_934753
710 2 _aInstituto de Planificación Contable.
_94993
852 _aES-MaACL
_jL-5471
_bR.105984
999 _c69701
_d69701